000
00283nam a22001217a 4500
040
_c
SK
082
_a
589
100
_a
ត្រាន់ ថាន់កាញ់
245
_a
ធរណីវិទ្យា
260
_a
NA
_b
ត្រាន
_c
1992
300
_a
59p.
942
_c
KB
999
_c
9468
_d
9468